Statistics for Ores in Azure Mines

Click here to take the quiz!

General Stats

  • This quiz has been taken 5 times
  • The average score is 40 of 54

Answer Stats

Answer% Correct
Amethyst
100%
Boomite
100%
Coal
100%
Diamond
100%
Emerald
100%
Gold
100%
Iron
100%
Moonstone
100%
Opal
100%
Platinum
100%
Plutonium
100%
Ruby
100%
Sapphire
100%
Silver
100%
Stone
100%
Sulfur
100%
Topaz
100%
Unobtainium
100%
Uranium
100%
Antimatter
67%
Azure
67%
Baryte
67%
Constellatium
67%
Copper
67%
Corium
67%
Darkmatter
67%
Dragonglass
67%
Dragonstone
67%
Element V
67%
Firecrystal
67%
Frightstone
67%
Garnet
67%
Illuminunium
67%
Kappa
67%
Mithril
67%
Newtonium
67%
Nightmarium
67%
Painite
67%
Promethium
67%
Serendibite
67%
Sinistyte E
67%
Sinistyte L
67%
Sinistyte M
67%
Sinistyte S
67%
Stellarite
67%
Symmetrium
67%
Twitchite
67%
Yunium
67%
Ambrosia
33%
Frostarium
33%
Pumpkinite
33%
Rainbownite
33%
Solarium
33%
Valhalum
33%

Score Distribution

Percentile by Number Answered

Percent of People with Each Score

Your Score History

You have not taken this quiz